BIBLIOTHÈQUE DE LA MAISON DU MEXIQUE

Logo 1 Logo 2

Historia de los indios de la Nueva España (notice nᵒ 11963)

détails MARC
000 -Sello discográfico
campo de control de longitud fija 01179nam a2200313 4500
005 - Identificación de versión
campo de control 20251017062817.0
035 ## - Otros números de control del sistema
Número de control del sistema 6987
099 ## - fechas locales
Tipo de ítem Koha LIBRO
100 ## - Datos de procesamiento general
Datos de procesamiento general 20041007d1969 m y1spay5003 ba
105 ## - Campo de datos codificados: Material textual, monográfico
Datos codificados de monografía y 001zy
200 1# - Título y mención de responsabilidad
Título propio Historia de los indios de la Nueva España
Designación general del material texto impreso
Otra información del título relación de los ritos antiguos, idolatrías y sacrificios de los indios de la Nueva España, y de la maravillosa conversión que Dios en ellos ha obrado
Primer mención de responsabilidad Fray Toribio de Benavente o Motolinía
Declaración de responsabilidad subsiguiente estudio crítico, apéndices, notas e índice de Edmundo O'Gorman
205 ## - Declaración de edición
Declaración de edición 1a ed
210 ## - Publicación, distribución, etc.
Lugar de publicación, distribución, etc. México
Nombre del editor, distribuidor, etc. Editorial Porrúa
Fecha de publicación, distribución, etc. 1969
215 ## - Descripción física
Designación de material específico y extensión del ítem XLII, 256 p
Dimensiones 22 cm
345 ## - Nota de información de adquisición
Fuente de adquisición/dirección de la suscripción [OBSOLETO] Donación
410 #1 - Series
Título Colección "Sepan Cuantos ..."
Número de volumen 129
606 ## - Término temático usado como materia
Elemento de entrada Franciscanos en México
Número Koha 235
606 ## - Término temático usado como materia
Elemento de entrada Indios de México
Número Koha 239
660 ## - Código de área geográfica
Código MX
700 ## - Nombre personal - Responsabilidad primaria
Elemento de entrada Benavente
Parte del nombre distinta del elemento de entrada Toribio de
Fechas c.1482-1569
Adiciones a los nombres que no sean fechas Fray Motolinía
Número Koha 3962
702 ## - Nombre personal - Responsabilidad secundaria
Elemento de entrada O'Gorman
Parte del nombre distinta del elemento de entrada Edmundo
Fechas 1906-1995
Número Koha 2079
801 #0 - Fuente de origen
Agencia cm
900 ## -
-- 1/8386
900 ## -
-- 7100420152\071004
942 ## - ELEMENTOS DE ENTRADA SECUNDARIOS (KOHA)
Tipo de ítem Koha Livre
996 ## -
-- MEX
-- 751145101
-- MMAG
-- 012399
-- 080 S479 V.129
-- 20250210LIV
Exemplaires
Estatus retirado Estado de daño Estado de pérdida Fecha de adquisición Biblioteca de origen Biblioteca actual Ubicación en estantería Código de barras Precio de reemplazo Signatura topográfica completa No para préstamo Tipo de ítem Koha Nota pública Nota no pública
      05/08/2025 Casa México Paris Casa México Paris   012399 05/08/2025 080 S479 V.129   Livre 20250210LIV 751145101